Giáo trình quản lý học kinh tế quốc dân Tập 2

Trình bày về cơ cấu bộ máy quản lí kinh tế quốc dân, điều hành của nhà nước, kiểm soát, cán bộ công chức, quản lí nhà nước trong quản lí kinh tế quốc dân

Kaydedildi:
Detaylı Bibliyografya
Yazar: Đỗ, Hoàng Toàn
Diğer Yazarlar: Mai, Văn Bưn
Materyal Türü: Kitap
Dil:Undetermined
Baskı/Yayın Bilgisi: H. Khoa học và Kỹ thuật 2007
Konular:
Online Erişim:http://lrc.tdmu.edu.vn/opac/search/detail.asp?aID=2&ID=29196
Etiketler: Etiketle
Etiket eklenmemiş, İlk siz ekleyin!
Thư viện lưu trữ: Trung tâm Học liệu Trường Đại học Thủ Dầu Một
LEADER 01045nam a2200229Ia 4500
001 TDMU_29196
008 210410s9999 xx 000 0 und d
082 |a 346.597002632 
090 |b Đ450 
100 |a Đỗ, Hoàng Toàn 
245 0 |a Giáo trình quản lý học kinh tế quốc dân 
245 0 |c Đỗ Hoàng Toàn, Mai Văn Bưn (chủ biên) 
245 0 |n Tập 2 
260 |a H. 
260 |b Khoa học và Kỹ thuật 
260 |c 2007 
300 |a 487tr. 
520 |a Trình bày về cơ cấu bộ máy quản lí kinh tế quốc dân, điều hành của nhà nước, kiểm soát, cán bộ công chức, quản lí nhà nước trong quản lí kinh tế quốc dân 
650 |a Kinh tế quốc dân  |x Quản lý; Quản lý kinh tế  |x Nhà nước  
700 |a Mai, Văn Bưn 
856 |u http://lrc.tdmu.edu.vn/opac/search/detail.asp?aID=2&ID=29196 
980 |a Trung tâm Học liệu Trường Đại học Thủ Dầu Một